桃太郎電鉄2の駅 - Statistics

General Stats
  • This quiz has been taken 66 times
  • The average score is 305 of 1146
Answer Stats
Hint 駅名 % Correct
北海道 札幌
89%
千葉県
82%
北海道 函館
79%
北海道 千歳
76%
北海道 釧路
74%
北海道 稚内
71%
北海道 旭川
71%
北海道 小樽
71%
青森県 青森
68%
北海道 苫小牧
66%
宮城県 仙台
66%
神奈川県 横浜
66%
北海道 根室
63%
東京都 品川
63%
北海道 帯広
61%
北海道 富良野
61%
北海道 ニセコ
61%
北海道 室蘭
61%
岩手県 盛岡
61%
山形県 山形
61%
東京都 上野
61%
三重県
61%
北海道 北見
58%
北海道 網走
58%
秋田県 秋田
58%
栃木県 宇都宮
58%
千葉県
58%
千葉県 千葉
58%
東京都 東京
58%
東京都 新宿
58%
神奈川県 川崎
58%
富山県 富山
58%
石川県 金沢
58%
京都府 京都
58%
北海道
55%
岩手県 花巻
55%
福島県 福島
55%
福島県 郡山
55%
福島県 いわき
55%
茨城県 水戸
55%
栃木県 さくら
55%
群馬県 前橋
55%
群馬県 高崎
55%
東京都 八王子
55%
福井県 福井
55%
長野県 長野
55%
長野県 松本
55%
北海道 留萌
53%
北海道 岩見沢
53%
北海道 石狩
53%
北海道 長万部
53%
青森県 弘前
53%
青森県 むつ
53%
青森県 八戸
53%
山形県 新庄
53%
滋賀県 | 群馬県 草津
53%
東京都 立川
53%
新潟県 新潟
53%
岐阜県 岐阜
53%
愛知県 名古屋
53%
三重県 伊勢
53%
大阪府 大阪
53%
岡山県 岡山
53%
広島県 広島
53%
愛媛県 松山
53%
北海道 紋別
50%
北海道 滝川
50%
北海道 北広島
50%
北海道 登別
50%
青森県 大間
50%
山形県 天童
50%
茨城県 日立
50%
茨城県 つくば
50%
栃木県 那須
50%
埼玉県 深谷
50%
千葉県 船橋
50%
東京都 渋谷
50%
新潟県 長岡
50%
福井県 敦賀
50%
三重県 | 岐阜県
50%
静岡県 熱海
50%
静岡県 富士
50%
滋賀県 大津
50%
兵庫県 神戸
50%
奈良県 奈良
50%
山口県 山口
50%
福岡県 福岡
50%
佐賀県 佐賀
50%
北海道 名寄
47%
北海道 夕張
47%
青森県 五所川原
47%
岩手県 北上
47%
岩手県 一関
47%
山形県 鶴岡
47%
山形県 米沢
47%
茨城県 鹿嶋
47%
埼玉県 川越
47%
埼玉県 秩父
47%
埼玉県 所沢
47%
千葉県 銚子
47%
東京都 秋葉原
47%
神奈川県 横須賀
47%
神奈川県 小田原
47%
石川県 小松
47%
山梨県 甲府
47%
静岡県 静岡
47%
静岡県 浜松
47%
京都府 大宮
47%
大阪府
47%
兵庫県 尼崎
47%
沖縄県 那覇
47%
北海道 | 東京都 深川
45%
北海道 知床
45%
北海道 砂川
45%
岩手県 大船渡
45%
宮城県 気仙沼
45%
宮城県 石巻
45%
宮城県 名取
45%
宮城県 白石
45%
秋田県 大館
45%
秋田県 男鹿
45%
秋田県 秋田湯沢
45%
山形県 酒田
45%
福島県 会津若松
45%
福島県 白河
45%
栃木県 日光
45%
埼玉県 熊谷
45%
埼玉県 上尾
45%
埼玉県 さいたま
45%
埼玉県 浦和
45%
千葉県 浦安
45%
千葉県 館山
45%
東京都 新橋
45%
東京都 町田
45%
神奈川県 平塚
45%
神奈川県 相模原
45%
富山県 黒部
45%
富山県 高岡
45%
富山県 氷見
45%
石川県 輪島
45%
三重県 四日市
45%
京都府 舞鶴
45%
島根県 松江
45%
山口県 下関
45%
徳島県 徳島
45%
高知県 高知
45%
島根県 大田
45%
北海道 利尻
42%
北海道 音威子府
42%
北海道 新得
42%
岩手県 宮古
42%
岩手県 平泉
42%
茨城県 ひたちなか
42%
茨城県 取手
42%
栃木県 小山
42%
群馬県 太田
42%
群馬県 伊勢崎
42%
埼玉県 本庄
42%
千葉県 松戸
42%
千葉県 木更津
42%
東京都 池袋
42%
東京都 国分寺
42%
東京都 小笠原
42%
神奈川県 鎌倉
42%
新潟県 村上
42%
新潟県 佐渡
42%
長野県 飯田
42%
岐阜県 高山
42%
岐阜県 美濃
42%
岐阜県 関ヶ原
42%
静岡県 清水
42%
愛知県 豊橋
42%
愛知県 豊田
42%
愛知県 瀬戸
42%
三重県 鳥羽
42%
滋賀県 米原
42%
兵庫県 赤穂
42%
和歌山県 和歌山
42%
岡山県 倉敷
42%
広島県
42%
福岡県 八幡
42%
熊本県 熊本
42%
大分県 中津
42%
大分県 別府
42%
宮崎県 宮崎
42%
北海道 新千歳空港
42%
北海道 礼文
39%
北海道 士別
39%
北海道 | 大阪府 池田
39%
北海道 | 埼玉県 | 高知県 日高
39%
北海道 江差
39%
青森県 三沢
39%
岩手県 久慈
39%
宮城県 古川
39%
秋田県 大曲
39%
秋田県 角館
39%
山形県 東根
39%
福島県 相馬
39%
茨城県 高萩
39%
茨城県 古河
39%
栃木県 栃木
39%
群馬県 沼田
39%
埼玉県 桶川
39%
埼玉県 川口
39%
千葉県 佐倉
39%
千葉県 鴨川
39%
東京都 伊豆大島
39%
神奈川県 箱根
39%
新潟県 燕三条
39%
新潟県 柏崎
39%
新潟県 上越
39%
福井県 小浜
39%
山梨県 大月
39%
長野県 上田
39%
長野県 諏訪
39%
静岡県 下田
39%
静岡県 沼津
39%
静岡県 掛川
39%
愛知県
39%
愛知県 常滑
39%
三重県 鈴鹿
39%
京都府 福知山
39%
大阪府 吹田
39%
兵庫県 宝塚
39%
兵庫県 西宮
39%
兵庫県 三田
39%
兵庫県 明石
39%
兵庫県 姫路
39%
鳥取県 鳥取
39%
島根県 出雲
39%
広島県 府中
39%
徳島県 鳴門
39%
香川県 高松
39%
長崎県 佐世保
39%
長崎県 長崎
39%
大分県 大分
39%
石川県 能登
39%
北海道 増毛
37%
北海道 江別
37%
北海道 定山渓
37%
北海道 襟裳
37%
北海道 洞爺湖
37%
北海道 松前
37%
青森県 三戸
37%
岩手県 陸前高田
37%
宮城県 女川
37%
茨城県 土浦
37%
栃木県 足利
37%
栃木県 真岡
37%
埼玉県 久喜
37%
埼玉県 狭山
37%
東京都 原宿
37%
東京都 目黒
37%
神奈川県 茅ヶ崎
37%
神奈川県 厚木
37%
新潟県 小千谷
37%
新潟県 糸魚川
37%
石川県 加賀
37%
福井県 あわら
37%
福井県 鯖江
37%
福井県 越前
37%
岐阜県 土岐
37%
岐阜県 大垣
37%
愛知県 岡崎
37%
三重県 桑名
37%
三重県 伊賀
37%
三重県 松阪
37%
滋賀県 彦根
37%
滋賀県 近江八幡
37%
京都府 宇治
37%
兵庫県 小野
37%
兵庫県 淡路
37%
奈良県 大和郡山
37%
鳥取県 米子
37%
山口県 宇部
37%
福岡県 小倉
37%
福岡県 大牟田
37%
熊本県 八代
37%
宮崎県 都城
37%
鹿児島県 川内
37%
鹿児島県 鹿児島
37%
鹿児島県 指宿
37%
鹿児島県 枕崎
37%
鹿児島県 種子島
37%
鹿児島県 屋久島
37%
千葉県 成田空港
37%
北海道 遠軽
34%
北海道 上川
34%
北海道 美瑛
34%
北海道 伊達
34%
岩手県 釜石
34%
宮城県 松島
34%
秋田県 横手
34%
福島県 猪苗代
34%
福島県 喜多方
34%
茨城県 潮来
34%
栃木県 鹿沼
34%
栃木県 佐野
34%
群馬県 桐生
34%
群馬県 富岡
34%
群馬県 安中
34%
埼玉県 入間
34%
千葉県 | 岩手県 野田
34%
千葉県 幕張
34%
千葉県 君津
34%
東京都 北千住
34%
東京都 銀座
34%
東京都 吉祥寺
34%
東京都 八丈島
34%
新潟県 越後湯沢
34%
石川県 珠洲
34%
山梨県 河口湖
34%
山梨県 韮崎
34%
山梨県 身延
34%
長野県 軽井沢
34%
長野県 大町
34%
岐阜県 飛騨
34%
岐阜県 中津川
34%
静岡県 伊東
34%
静岡県 三島
34%
静岡県 御殿場
34%
愛知県 安城
34%
三重県 尾鷲
34%
三重県 熊野
34%
滋賀県 長浜
34%
京都府 三条
34%
大阪府 高槻
34%
大阪府 天王寺
34%
兵庫県 加古川
34%
奈良県 生駒
34%
奈良県 天理
34%
和歌山県 橋本
34%
和歌山県 紀州有田
34%
和歌山県 田辺
34%
和歌山県 新宮
34%
鳥取県 境港
34%
岡山県 津山
34%
広島県 | 鹿児島県 福山
34%
愛媛県 西条
34%
愛媛県 今治
34%
愛媛県 宇和島
34%
高知県 土佐
34%
福岡県 久留米
34%
佐賀県 鳥栖
34%
長崎県 大村
34%
長崎県 諫早
34%
熊本県 天草
34%
大分県 湯布院
34%
宮崎県 延岡
34%
東京都 中野
34%
北海道 木古内
34%
北海道 浜頓別
32%
北海道 ススキノ
32%
北海道 余市
32%
北海道 白老
32%
北海道 八雲
32%
青森県 深浦
32%
青森県 黒石
32%
青森県 野辺地
32%
岩手県 雫石
32%
岩手県 遠野
32%
宮城県 登米
32%
宮城県 蔵王
32%
秋田県 鹿角
32%
秋田県 能代
32%
山形県 寒河江
32%
山形県 上山
32%
茨城県 北茨城
32%
茨城県 大洗
32%
栃木県 大田原
32%
群馬県 館林
32%
群馬県 四万
32%
埼玉県 行田
32%
埼玉県 東松山
32%
埼玉県 飯能
32%
千葉県 我孫子
32%
千葉県 佐原
32%
千葉県 市原
32%
千葉県 富津
32%
東京都 浅草
32%
東京都 神田
32%
東京都 恵比寿
32%
東京都 荻窪
32%
東京都 日野
32%
東京都 青梅
32%
東京都 奥多摩
32%
神奈川県 海老名
32%
神奈川県 湯河原
32%
石川県 七尾
32%
岡山県 | 福井県 勝山
32%
山梨県 上野原
32%
山梨県 富士吉田
32%
山梨県 小淵沢
32%
長野県 佐久
32%
長野県 飯山
32%
長野県 岡谷
32%
岐阜県 多治見
32%
岐阜県 瑞浪
32%
静岡県 富士宮
32%
静岡県 磐田
32%
愛知県 豊川
32%
愛知県 犬山
32%
三重県 いなべ
32%
三重県 名張
32%
滋賀県 高島
32%
京都府 長岡京
32%
大阪府 枚方
32%
大阪府 茨木
32%
大阪府 新大阪
32%
大阪府 東大阪
32%
兵庫県 芦屋
32%
兵庫県 相生
32%
兵庫県 豊岡
32%
奈良県 桜井
32%
山口県 岩国
32%
山口県 小野田
32%
山口県 長門
32%
愛媛県 四国中央
32%
福岡県 門司港
32%
長崎県 松浦
32%
長崎県 島原
32%
熊本県 人吉
32%
熊本県 水俣
32%
大分県 宇佐
32%
大分県 日田
32%
大分県 竹田
32%
鹿児島県 鹿屋
32%
鹿児島県 奄美大島
32%
沖縄県 名護
32%
沖縄県 宮古島
32%
沖縄県 石垣島
32%
沖縄県 与那国島
32%
秋田県 にかほ
32%
宮城県 岩沼
32%
北海道 猿払
29%
北海道 天塩
29%
北海道 興部
29%
北海道 斜里
29%
北海道 弟子屈
29%
北海道 厚岸
29%
北海道 芽室
29%
北海道 奥尻
29%
青森県 菜の花
29%
宮城県 鳴子
29%
山形県 尾花沢
29%
山形県 | 熊本県 小国
29%
茨城県 常陸太田
29%
茨城県 鉾田
29%
茨城県 笠間
29%
栃木県 塩原
29%
栃木県 | 長崎県 茂木
29%
群馬県 みどり
29%
群馬県 藤岡
29%
群馬県 渋川
29%
千葉県 八街
29%
千葉県 東金
29%
千葉県 茂原
29%
東京都 高田馬場
29%
東京都 大久保
29%
神奈川県 秦野
29%
新潟県 新発田
29%
新潟県 魚沼
29%
富山県 砺波
29%
石川県 羽咋
29%
長野県 白馬
29%
長野県 塩尻
29%
長野県 茅野
29%
長野県 木曽
29%
岐阜県 下呂
29%
岐阜県 美濃加茂
29%
岐阜県 岐阜羽島
29%
静岡県 修善寺
29%
静岡県 焼津
29%
静岡県 藤枝
29%
愛知県 蒲郡
29%
滋賀県 野洲
29%
大阪府 門真
29%
大阪府 京橋
29%
大阪府 なんば
29%
大阪府 岸和田
29%
兵庫県 三宮
29%
兵庫県 有馬温泉
29%
兵庫県 洲本
29%
奈良県 橿原
29%
奈良県 吉野
29%
和歌山県 白浜
29%
鳥取県 倉吉
29%
島根県 益田
29%
島根県 隠岐
29%
岡山県 備前
29%
岡山県 玉野
29%
広島県 尾道
29%
山口県 柳井
29%
香川県 さぬき
29%
高知県 須崎
29%
高知県 宿毛
29%
佐賀県 唐津
29%
佐賀県 伊万里
29%
佐賀県 武雄
29%
長崎県 壱岐
29%
長崎県 対馬
29%
熊本県 阿蘇
29%
宮崎県 日南
29%
鹿児島県 出水
29%
鹿児島県 霧島
29%
熊本県 宇土
29%
北海道 阿寒
26%
北海道 浜中
26%
北海道 中札内
26%
北海道 広尾
26%
青森県 大鰐
26%
青森県 おいらせ
26%
青森県 十和田湖
26%
宮城県 塩釜
26%
秋田県 田沢湖
26%
山形県 余目
26%
山形県 村山
26%
茨城県 かすみがうら
26%
茨城県 牛久
26%
茨城県 竜ヶ崎
26%
埼玉県 寄居
26%
埼玉県 長瀞
26%
千葉県 いすみ
26%
新潟県 直江津
26%
富山県 魚津
26%
富山県 滑川
26%
富山県 射水
26%
石川県 かほく
26%
福井県 坂井
26%
山梨県 南アルプス
26%
長野県 小諸
26%
長野県 駒ヶ根
26%
岐阜県 郡上
26%
岐阜県 各務原
26%
静岡県 松崎
26%
静岡県 島田
26%
愛知県 弥富
26%
三重県 賢島
26%
滋賀県 栗東
26%
滋賀県 甲賀
26%
京都府 嵐山
26%
大阪府 寝屋川
26%
大阪府 守口
26%
兵庫県 伊丹
26%
兵庫県 川西
26%
兵庫県 篠山
26%
兵庫県 城崎
26%
和歌山県 御坊
26%
岡山県 児島
26%
岡山県 高梁
26%
岡山県 新見
26%
広島県 宮島
26%
山口県 下松
26%
山口県 徳山
26%
山口県
26%
徳島県 阿波
26%
香川県 小豆島
26%
香川県 観音寺
26%
香川県 琴平
26%
愛媛県 新居浜
26%
愛媛県 伊予
26%
高知県 室戸
26%
高知県 安芸
26%
高知県 四万十川
26%
高知県 土佐清水
26%
福岡県 飯塚
26%
福岡県 田川
26%
福岡県 太宰府
26%
熊本県 玉名
26%
大分県 臼杵
26%
宮崎県 高千穂
26%
宮崎県 日向
26%
鹿児島県 志布志
26%
福島県 二本松
26%
千葉県 和田
26%
京都府 木津
26%
京都府 天橋立
26%
北海道 中標津
26%
宮崎県 宮崎空港
26%
沖縄県 那覇空港
26%
青森県 新青森
26%
北海道 枝幸
24%
北海道 和寒
24%
北海道 陸別
24%
北海道 標津
24%
北海道 足寄
24%
北海道 新十津川
24%
北海道 ロイズ
24%
北海道 浦河
24%
北海道 積丹
24%
北海道 大沼
24%
青森県 龍飛
24%
青森県 蟹田
24%
青森県 南部
24%
青森県 田子
24%
岩手県 岩泉
24%
福島県 須賀川
24%
福島県 浪江
24%
茨城県 大子
24%
茨城県 小美玉
24%
茨城県 行方
24%
栃木県 黒磯
24%
栃木県 烏山
24%
群馬県 横川
24%
群馬県 伊香保
24%
埼玉県 加須
24%
千葉県 香取
24%
千葉県 山武
24%
東京都 日本橋
24%
東京都 千駄ヶ谷
24%
東京都 赤坂
24%
東京都 東村山
24%
神奈川県 真鶴
24%
新潟県 新津
24%
大阪府 | 富山県 八尾
24%
長野県 安曇野
24%
長野県 伊那
24%
岐阜県 白川郷
24%
岐阜県 可児
24%
岐阜県 恵那
24%
静岡県 裾野
24%
愛知県 半田
24%
三重県 亀山
24%
三重県 紀伊長島
24%
滋賀県 信楽
24%
京都府 金閣
24%
京都府 | 千葉県 大原
24%
京都府 亀岡
24%
京都府 京丹後
24%
兵庫県 佐用
24%
兵庫県 和田山
24%
兵庫県 朝来
24%
和歌山県 紀の川
24%
和歌山県 串本
24%
島根県 浜田
24%
島根県 津和野
24%
岡山県 赤磐
24%
岡山県 美作
24%
岡山県 笠岡
24%
岡山県 総社
24%
広島県 三原
24%
広島県 江田島
24%
広島県 三次
24%
山口県 防府
24%
徳島県 阿南
24%
徳島県 美馬
24%
香川県 坂出
24%
香川県 多度津
24%
香川県 丸亀
24%
愛媛県 八幡浜
24%
高知県 南国
24%
高知県 いの
24%
福岡県 柳川
24%
佐賀県 嬉野
24%
長崎県 平戸
24%
長崎県 五島
24%
大分県 国東
24%
大分県 杵築
24%
大分県 津久見
24%
大分県 佐伯
24%
沖縄県 糸満
24%
北海道 女満別
24%
和歌山県 熊野本宮
24%
山口県
24%
沖縄県 宜野湾
24%
香川県 善通寺
24%
北海道 中頓別
24%
千葉県 匝瑳
24%
滋賀県 多賀
24%
大阪府 関西空港
24%
北海道 芦別
21%
北海道 様似
21%
北海道 蘭越
21%
北海道 留寿都
21%
青森県 鰺ヶ沢
21%
青森県 田舎館
21%
宮城県 多賀城
21%
山形県 銀山温泉
21%
茨城県 神栖
21%
茨城県 稲敷
21%
東京都 押上
21%
東京都 お台場
21%
神奈川県 中華街
21%
富山県 宇奈月
21%
富山県 小矢部
21%
石川県 和倉温泉
21%
福井県 越前大野
21%
山梨県 山中湖
21%
山梨県 石和
21%
山梨県 北杜
21%
山梨県 清里
21%
愛知県 西尾
21%
滋賀県 八日市
21%
滋賀県 守山
21%
京都府 城陽
21%
京都府 銀閣
21%
京都府 綾部
21%
大阪府 箕面
21%
大阪府 富田林
21%
大阪府 河内長野
21%
大阪府 泉佐野
21%
兵庫県 元町
21%
奈良県 十津川
21%
和歌山県 高野山
21%
和歌山県 みなべ
21%
和歌山県 すさみ
21%
島根県 江津
21%
広島県 竹原
21%
徳島県 小松島
21%
徳島県 三好
21%
香川県 東かがわ
21%
愛媛県 大洲
21%
福岡県 直方
21%
福岡県 糸島
21%
福岡県 八女
21%
鹿児島県 桜島
21%
鹿児島県 垂水
21%
沖縄県 うるま
21%
沖縄県 本部
21%
島根県 宍道
21%
岡山県 井原
21%
北海道 幌延
21%
宮城県 南三陸
21%
北海道 美深
18%
北海道 当麻
18%
北海道 美幌
18%
北海道 羅臼
18%
北海道 摩周
18%
北海道 別海
18%
北海道 音更
18%
青森県 陸奥横浜
18%
秋田県 小坂
18%
山形県 遊佐
18%
福島県 只見
18%
茨城県 桜川
18%
茨城県 坂東
18%
栃木県 今市
18%
栃木県 益子
18%
群馬県 下仁田
18%
群馬県 嬬恋
18%
千葉県 御宿
18%
東京都 亀戸
18%
東京都 両国
18%
東京都 汐留
18%
東京都 四谷
18%
京都府 | 東京都 表参道
18%
東京都 あきる野
18%
神奈川県 山北
18%
新潟県 胎内
18%
富山県 城端
18%
石川県 香林坊
18%
石川県 茶屋街
18%
福井県 九頭竜
18%
福井県 美浜
18%
長野県 千曲
18%
長野県 須坂
18%
三重県 柘植
18%
滋賀県 坂本
18%
京都府 四条
18%
大阪府 北浜
18%
大阪府 鶴橋
18%
大阪府 貝塚
18%
兵庫県
18%
兵庫県 須磨
18%
兵庫県 西脇
18%
兵庫県 南あわじ
18%
奈良県 五條
18%
和歌山県 紀伊勝浦
18%
島根県 安来
18%
広島県 廿日市
18%
広島県 大竹
18%
広島県 庄原
18%
山口県 湯田温泉
18%
愛媛県 内子
18%
福岡県 折尾
18%
福岡県 宗像
18%
長崎県 雲仙
18%
熊本県 益城
18%
大分県 豊後高田
18%
鹿児島県 串木野
18%
沖縄県 大宜味
18%
北海道 五稜郭
18%
奈良県 王寺
18%
熊本県 山鹿
18%
滋賀県 貴生川
18%
愛知県 セントレア空港
18%
千葉県 大網白里
18%
山形県 真室川
18%
京都府 大江
18%
北海道 標茶
16%
北海道 本別
16%
北海道 士幌
16%
北海道 岩内
16%
青森県 鶴田
16%
青森県 八甲田
16%
青森県 浅虫温泉
16%
青森県 平内
16%
山形県 温海
16%
山形県 河北
16%
茨城県 結城
16%
茨城県 下妻
16%
栃木県 鬼怒川
16%
栃木県 中禅寺湖
16%
群馬県 板倉
16%
群馬県 安中榛名
16%
群馬県 上毛高原
16%
千葉県 千倉
16%
東京都 後楽園
16%
東京都 六本木
16%
神奈川県 みらい
16%
福井県 東尋坊
16%
長野県 小布施
16%
長野県 野沢温泉
16%
長野県 奈良井
16%
岐阜県 瑞穂
16%
岐阜県 本巣
16%
静岡県 伊豆高原
16%
静岡県 川根
16%
愛知県 伊良湖
16%
愛知県 熱田
16%
三重県 湯の山
16%
滋賀県 安土
16%
滋賀県 マキノ
16%
京都府 清水寺
16%
京都府 祇園
16%
京都府 園部
16%
大阪府 交野
16%
大阪府 淀屋橋
16%
大阪府 柏原
16%
大阪府 羽曳野
16%
大阪府 泉大津
16%
兵庫県 三木
16%
兵庫県 たつの
16%
兵庫県 浜坂
16%
奈良県 宇陀
16%
和歌山県 かつらぎ
16%
和歌山県 太地
16%
鳥取県 岩美
16%
島根県 出雲大社
16%
島根県 石見銀山
16%
岡山県 蒜山
16%
広島県 鞆の浦
16%
広島県 因島
16%
山口県 美祢
16%
山口県 仙崎
16%
愛媛県 道後
16%
高知県 香美
16%
高知県 香南
16%
福岡県 中洲
16%
佐賀県 小城
16%
佐賀県 呼子
16%
長崎県 福江
16%
熊本県 菊池
16%
大分県 日出
16%
宮崎県 高鍋
16%
宮崎県 佐土原
16%
宮崎県 小林
16%
鹿児島県 阿久根
16%
鹿児島県 知覧
16%
鹿児島県 沖永良部島
16%
鹿児島県 与論島
16%
沖縄県 首里
16%
沖縄県 久米島
16%
青森県 恐山
16%
奈良県 斑鳩
16%
岡山県 西大寺
16%
沖縄県 西表
16%
沖縄県 波照間
16%
兵庫県 甲子園
16%
和歌山県 那智の滝
16%
鹿児島県 伊集院
16%
千葉県 久留里
16%
新潟県 弥彦
16%
愛知県 田原
16%
兵庫県 新温泉
16%
宮崎県 串間
16%
北海道 湧別
13%
北海道 仁木
13%
北海道 真狩村
13%
青森県 金木
13%
青森県 木造
13%
岩手県 大槌
13%
宮城県 作並
13%
秋田県 象潟
13%
栃木県 壬生
13%
東京都 上井草
13%
新潟県 五泉
13%
新潟県 出雲崎
13%
福井県 三国
13%
福井県 永平寺
13%
山梨県 忍野村
13%
岐阜県 明智
13%
静岡県 河津
13%
滋賀県 余呉
13%
滋賀県 木之本
13%
滋賀県 近江舞子
13%
京都府 伏見
13%
大阪府 十三
13%
大阪府 天保山
13%
大阪府 松原
13%
兵庫県 生野
13%
兵庫県 香住
13%
和歌山県 湯浅
13%
鳥取県 三朝
13%
島根県 木次
13%
島根県 温泉津
13%
島根県 海士
13%
岡山県 日生
13%
岡山県 水島
13%
広島県 上下
13%
広島県 生口島
13%
愛媛県 大三島
13%
長崎県 西海
13%
長崎県 出島
13%
熊本県 牛深
13%
宮崎県 飫肥
13%
鹿児島県 甑島
13%
鹿児島県 徳之島
13%
沖縄県 金武
13%
沖縄県 竹富島
13%
北海道 宗谷
13%
北海道 新札幌
13%
東京都 高輪ゲートウェイ
13%
奈良県 法隆寺
13%
鳥取県 若桜
13%
鳥取県 智頭
13%
高知県 奈半利
13%
兵庫県 上郡
13%
愛媛県 東温
13%
熊本県 高森
13%
鹿児島県 喜界島
13%
青森県 外ヶ浜
13%
北海道 幌加内
11%
北海道 常呂
11%
北海道 羊ヶ丘
11%
北海道 静内
11%
北海道 恵山
11%
北海道 福島町
11%
青森県 十三湖
11%
青森県 岩木山
11%
群馬県 水上温泉
11%
千葉県 大多喜
11%
千葉県 富浦
11%
富山県 岩瀬浜
11%
山梨県 勝沼
11%
岐阜県 垂井
11%
愛知県 吉良
11%
愛知県 名古屋港
11%
三重県 阿下喜
11%
三重県 赤目
11%
三重県 多気
11%
三重県 紀北
11%
滋賀県 水口
11%
滋賀県 安曇川
11%
京都府 醍醐
11%
京都府 東寺
11%
京都府 錦市場
11%
京都府 河原町
11%
京都府 鞍馬
11%
京都府 伊根
11%
大阪府 天満
11%
大阪府 北新地
11%
兵庫県 六甲山
11%
兵庫県 ポートピア
11%
兵庫県 出石
11%
和歌山県 古座
11%
島根県 大根島
11%
島根県 玉造
11%
岡山県 長船
11%
岡山県 宮本武蔵
11%
高知県 土佐久礼
11%
福岡県 秋月
11%
佐賀県 有田町
11%
熊本県 三角
11%
熊本県 上天草
11%
宮崎県 西都
11%
鹿児島県
11%
神奈川県 国府津
11%
石川県 内灘
11%
三重県 宇治山田
11%
京都府 与謝野
11%
大阪府 千里
11%
兵庫県 福崎
11%
奈良県 大和八木
11%
福岡県 若松
11%
三重県 菰野
11%
和歌山県 九度山
11%
鹿児島県 隼人
11%
北海道 大樹町
11%
静岡県 牧之原
11%
愛媛県 卯之町
11%
沖縄県 南城
11%
北海道 神威
11%
秋田県 岩城
11%
福井県 三方
11%
青森県 板柳
8%
岩手県 浄土ヶ浜
8%
宮城県 岩出山
8%
宮城県 国分町
8%
秋田県 八森
8%
秋田県 本城
8%
福島県 三春
8%
福島県 飯舘
8%
栃木県 大谷
8%
新潟県 能生
8%
長野県 別所
8%
静岡県 由比
8%
静岡県 丸子
8%
滋賀県 国友
8%
京都府 山崎
8%
京都府 西陣
8%
京都府 和知
8%
京都府 夜久野
8%
京都府 峰山
8%
京都府 久美浜
8%
兵庫県 湯村温泉
8%
兵庫県 おのころ
8%
兵庫県 福良
8%
奈良県 三輪
8%
鳥取県 羽合
8%
鳥取県 皆生温泉
8%
広島県 熊野町
8%
山口県 阿東
8%
山口県 見島
8%
徳島県 宍喰
8%
愛媛県 砥部
8%
熊本県 植木
8%
熊本県 湯前
8%
大分県 佐賀関
8%
北海道 真駒内
8%
滋賀県 虎姫
8%
山口県 秋吉台
8%
鹿児島県 佐多
8%
高知県 窪川
8%
熊本県 御船
8%
北海道 寿都町
8%
群馬県 中之条
8%
沖縄県 与那原
8%
沖縄県 南風原
8%
沖縄県 豊見城
8%
北海道 神恵内
8%
北海道 昆布
8%
山口県 特牛
8%
福島県 大内宿
5%
茨城県 奥久慈
5%
栃木県 湯西川
5%
新潟県 黒埼
5%
長野県 蓼科
5%
滋賀県 醒ヶ井
5%
京都府 雲ケ畑
5%
京都府 美山
5%
京都府 網野
5%
大阪府 香里園
5%
大阪府 天下茶屋
5%
岡山県 牛窓
5%
徳島県 脇町
5%
高知県 馬路
5%
高知県 梼原
5%
福岡県 吉井
5%
佐賀県 太良
5%
長崎県 波佐見
5%
鹿児島県 菱刈
5%
三重県 西藤原
5%
京都府 三千院
5%
大阪府 中百舌鳥
5%
高知県 仁淀川
5%
鹿児島県 吹上浜
5%
沖縄県 赤嶺
5%
北海道 小清水
5%
北海道 花咲町
5%
三重県 九鬼
5%
京都府 平等院
5%
大阪府 四条畷
5%
兵庫県 上月
5%
兵庫県 余部
5%
和歌山県 広川
5%
広島県 東城
5%
青森県 十二湖
5%
島根県 三隅
5%
北海道 愛国
5%
北海道 幸福
5%
滋賀県 竹生島
5%
沖縄県 八重瀬
5%
滋賀県 永原
5%
和歌山県 紀伊姫
5%
福島県 柳津
5%
奈良県 石舞台
5%
北海道 苗穂
5%
群馬県 谷川
3%
新潟県 寺泊
3%
長野県 白樺湖
3%
長野県 高遠
3%
岐阜県 岩村
3%
静岡県 稲取
3%
静岡県 安倍川
3%
愛知県 有松
3%
京都府 問人
3%
岡山県 吹屋
3%
千葉県 海ほたる
3%
福井県 一乗谷
3%
岐阜県 北濃
3%
和歌山県 橋杭岩
3%
鳥取県 福部
3%
鳥取県 七類
3%
長崎県 御厨
3%
長崎県 加津佐
3%
大分県 耶馬渓
3%
北海道 ウトロ
3%
広島県 音戸
3%
山口県 青海島
3%
鹿児島県 肝付
3%
岩手県 侍浜
3%
静岡県 用宗
3%
三重県 伊勢若松
3%
兵庫県 阿万
3%
高知県 吉良川
3%
青森県 大釈迦
3%
三重県 船津
3%
山口県 東新川
3%
新潟県 頸城
3%
兵庫県 三日月
3%
和歌山県 隅田
3%
茨城県 袋田
0%
東京都 鷺宮
0%
静岡県 寸又峡
0%
千葉県 太海
0%
兵庫県 五色浜
0%
茨城県 天下野
0%
福井県 気比
0%
福島県 棚倉
0%
茨城県 虎塚
0%
千葉県 千原台
0%
No matching quizzes found
Score Distribution
Percent of People with Each Score
Percentile by Number Answered
Your Score History
You have not taken this quiz